000 00488nam a2200169 i 4500
001 bg
245 0 _aBagna biebrzańskie /
_c[red. nauk. Henryk Okruszko].
260 _aWarszawa,
_c1991.
490 1 _aZeszyty Problemowe Postępów Nauk Rolniczych ;
_vz.372
700 1 _aOkruszko, Henryk.
_eRed.
830 _aZeszyty Problemowe Postępów Nauk Rolniczych ;
040 _cBPK
041 _apol
080 _a556.5:626.87
942 _cKS
008 s pl f |000 0 pol
999 _c29463
_d29463
856 _uhttp://koha.tu.koszalin.pl/cgi-bin/koha/opac-detail.pl?biblionumber=29463
_yKatalog online BPK